Személyes valóság Polányi Mihály posztkritikai filozófiájának értelmezése, és a személyes tudás fogalmának elmélyítése és megalapozása az evolúciós gondolat alapján
Elmentve itt :
| Szerző: | |
|---|---|
| Adatforrás: | Philobibl |
| Dokumentumtípus: | Könyv |
| Nyelv: | magyar |
| Kulcsszavak: | Polányi Mihály magyar filozófia ismeretelmélet tudományfilozófia személyes tudás |
| Megjelent: |
Budapest
L'Harmattan
2014
|
| Online elérés: | előfizetéssel hozzáférhető |
| LEADER | 00752nam a2200181 c 4500 | ||
|---|---|---|---|
| 001 | bibJAT00899014 | ||
| 005 | 20221124092701.8 | ||
| 008 | 150305s2014 hu 00100 hun d | ||
| 100 | 1 | |a Paksi Dániel | |
| 245 | 1 | 0 | |a Személyes valóság |b Polányi Mihály posztkritikai filozófiájának értelmezése, és a személyes tudás fogalmának elmélyítése és megalapozása az evolúciós gondolat alapján |c Paksi Dániel |
| 260 | |a Budapest |b L'Harmattan |c 2014 | ||
| 300 | |a 634 p. |b ill. |c 23 cm | ||
| 695 | |a Polányi Mihály | ||
| 695 | |a magyar filozófia | ||
| 695 | |a ismeretelmélet | ||
| 695 | |a tudományfilozófia | ||
| 695 | |a személyes tudás | ||
| 856 | 4 | 1 | |3 Full text |u https://www.szaktars.hu/harmattan/view/szemelyes-valosag/ |z előfizetéssel hozzáférhető |